000 00558nam a2200181 a 4500
005 20231118063628.0
008 991125s1964 bue 000 0 spa u
035 _aUPN01000009120
049 _aCG
050 4 _aLB1585
_bS5.28
100 1 _aSheckles, Mary
245 1 0 _aCómo enseñar las ciencias al escolar /
_cMary Scheckles ; tr. Leonardo Wadel.
260 _aBuenos Aires :
_bPaidós,
_c1964.
300 _a182 p.
440 0 _aBiblioteca del educador contemporáneo ;
_v3
650 4 _aCiencia
_xEstudio y enseñanza (Elemental)
_97402
905 _aLibro
999 _c9120
_d9120